|
|
|
|
| LEADER |
00000naa a2200000uu 4500 |
| 001 |
vtls010955190 |
| 003 |
SK-MaSNL |
| 005 |
20260302124152.0 |
| 008 |
210905|2000 xo |||||||||||||||||slo| |
| 015 |
|
|
|a SNBRA
|
| 035 |
|
|
|a (urnnbn)urn:nbn:sk:snk:ar-a0bn08
|
| 035 |
|
|
|a (uuid)65a27121-fd79-451b-b73f-2862652b2c85
|
| 035 |
|
|
|a urn:nbn:sk:snk-aaueyi
|
| 040 |
|
|
|a SNKBUCL
|b slo
|c SNKBUCL
|e AACR2
|
| 041 |
0 |
|
|a slo
|
| 044 |
|
|
|a xo
|c SK
|
| 100 |
1 |
|
|a Blažeková, Eva
|4 aut
|9 809921
|
| 245 |
1 |
0 |
|a Zisťovanie závislostí sociálnej situácie domácností
|c Eva Blažeková
|
| 773 |
0 |
|
|t Výpočtová štatistika
|d Bratislava] : Slovenská štatistická a demografická spoločnosť, 2000
|g S. 140-149
|z 8088946093
|
| 958 |
|
|
|a OND
|
| 958 |
|
|
|a article11
|
| 958 |
|
|
|a chapter
|
| 999 |
|
|
|c 1286413
|d 1288343
|